Optical laser diffraction transducer for measuring single-wire electric cable eccentricity; IOP Conference Series: Materials Science and Engineering; Vol. 81 : Radiation-Thermal Effects and Processes in Inorganic Materials

Detaylı Bibliyografya
Parent link:IOP Conference Series: Materials Science and Engineering
Vol. 81 : Radiation-Thermal Effects and Processes in Inorganic Materials.— 2015.— [012074, 10 p.]
Yazar: Fedorov M. E.
Müşterek Yazar: Национальный исследовательский Томский политехнический университет (ТПУ)
Özet:Title screen
The paper outlines some issues related to optical sensors based on the diffraction method which are used as a part of the devices to control the outer diameter and eccentricity of a single-core electric cable. The conversion function which allows calculation of the diameter of cylindrical objects regardless of their position in the tested area is considered. The calculations are based on the diffraction method to detect shadow boundaries of the object in two-dimensional optical sensors that use a divergent laser beam. The obtained results can be used to develop precise optical instruments to control the outer diameter and eccentricity of the object in a cable industry.
Режим доступа: по договору с организацией-держателем ресурса
Dil:İngilizce
Baskı/Yayın Bilgisi: 2015
Konular:
Online Erişim:http://dx.doi.org/10.1088/1757-899X/81/1/012074
http://earchive.tpu.ru/handle/11683/14718
Materyal Türü: MixedMaterials Elektronik Kitap Bölümü
KOHA link:https://koha.lib.tpu.ru/cgi-bin/koha/opac-detail.pl?biblionumber=642988

MARC

LEADER 00000nla2a2200000 4500
001 642988
005 20231101134237.0
035 |a (RuTPU)RU\TPU\network\7976 
035 |a RU\TPU\network\7962 
090 |a 642988 
100 |a 20150826a2015 k y0engy50 ba 
101 0 |a eng 
102 |a GB 
105 |a y z 100zy 
135 |a drcn ---uucaa 
181 0 |a i  
182 0 |a b 
200 1 |a Optical laser diffraction transducer for measuring single-wire electric cable eccentricity  |f M. E. Fedorov 
203 |a Text  |c electronic 
300 |a Title screen 
320 |a [References: 23 tit.] 
330 |a The paper outlines some issues related to optical sensors based on the diffraction method which are used as a part of the devices to control the outer diameter and eccentricity of a single-core electric cable. The conversion function which allows calculation of the diameter of cylindrical objects regardless of their position in the tested area is considered. The calculations are based on the diffraction method to detect shadow boundaries of the object in two-dimensional optical sensors that use a divergent laser beam. The obtained results can be used to develop precise optical instruments to control the outer diameter and eccentricity of the object in a cable industry. 
333 |a Режим доступа: по договору с организацией-держателем ресурса 
337 |a Adobe Reader 
461 1 |0 (RuTPU)RU\TPU\network\2008  |t IOP Conference Series: Materials Science and Engineering 
463 1 |0 (RuTPU)RU\TPU\network\7891  |t Vol. 81 : Radiation-Thermal Effects and Processes in Inorganic Materials  |o International Scientific Conference, 3-8 November 2014, Tomsk, Russia  |o [proceedings]  |v [012074, 10 p.]  |d 2015 
610 1 |a электронный ресурс 
610 1 |a труды учёных ТПУ 
610 1 |a оптические датчики 
610 1 |a лазерная дифракция 
610 1 |a провода 
610 1 |a электрические кабели 
610 1 |a эксцентриситет 
700 1 |a Fedorov  |b M. E. 
712 0 2 |a Национальный исследовательский Томский политехнический университет (ТПУ)  |c (2009- )  |2 stltpush  |3 (RuTPU)RU\TPU\col\15902 
801 2 |a RU  |b 63413507  |c 20161212  |g RCR 
856 4 |u http://dx.doi.org/10.1088/1757-899X/81/1/012074 
856 4 |u http://earchive.tpu.ru/handle/11683/14718 
942 |c CF